000 01021cam a2200253 a 4500
005 20131011042115.0
008 890803s1989 gw a 100 0 eng
020 _a0387511326 ( v. 1)
020 _a0387511350 (komplet)
041 _aeng
080 _a007:658.5
111 2 _aInternational Conference on CAD/CAM, CARS & FOF
_n(3rd ed.)
_d1988 :
_cSouthfield, Mich.)
245 1 0 _aCAD/CAM robotics and factories of the future :
_cBirendra Prasad, editor.
260 _aBerlin :
_aNew York :
_bSpringer-Verlag;
_cc1989.
300 _a469 f. :
_bme il. ;
_c24 cm.
490 _aIntegration of Design Analysis and Manufacturing
_vVolume 1
500 _aPreface: f. XVI
505 0 _aV. 1. Integration of design, analysis, and manufacturing
650 0 _aSistemet kompjuterike
_xKongreset
650 0 _aRobotet, Industria
_xKongreset
650 0 _aAutomatizimi
700 1 _aPrasad, Birendra.
942 _2udc
_cBK
999 _c60
_d60